merci pour la douleur - Wallace Cleaver (paroles) - Statistiques

Statistiques générales
  • Ce quiz a été pris 56 fois
  • Le résultat moyen est 195 sur 380
Statistiques - réponses
Réponse % Correct
la
95%
La
95%
là,
95%
Merci
92%
merci
92%
À
89%
à
89%
a
89%
douleur,
89%
le
89%
pour
89%
de
87%
Et
84%
et
84%
tout
84%
rien
82%
un
79%
ça
76%
douceur
76%
il
76%
"Il
76%
ma
76%
pas
76%
pas,
76%
les
74%
Les
74%
des
71%
du
71%
Du
71%
en
71%
j'ai
71%
J'ai
71%
"C'est
66%
c'est
66%
qui
66%
chaque
63%
coin
63%
compris
63%
pris,
63%
pris
63%
que
63%
si
63%
souvent
63%
y
63%
ai
61%
calculé
61%
couleurs,
61%
enfant,
61%
on
61%
temps,
61%
temps
61%
vous
61%
dans
58%
Dans
58%
d’rue,
58%
plus
58%
tellement,
58%
tellement
58%
chaud,
55%
Depuis
55%
elle
55%
Elle
55%
est
55%
l'prix
55%
mais
55%
mais,
55%
mais",
55%
55%
sans
55%
Soleil
55%
sucre,
55%
suis
55%
au
53%
avec
53%
café
53%
coup,
53%
coup
53%
dit :
53%
j'le
53%
plait
53%
sec,
53%
s'il
53%
fort
50%
moi,
50%
Moi,
50%
recul"
50%
recul
50%
balade,
47%
j'en
47%
l'cul,
47%
même
47%
"Merde,
47%
mouvements
47%
point
47%
serré
47%
tôt
47%
brûlant,
45%
comme
45%
crois
45%
écoulements,
45%
frérot,
45%
fusils
45%
j'l'ai
45%
j'me
45%
m'en
45%
noir,
45%
battu
42%
bien
42%
cigarette,
42%
contre
42%
d'la
42%
faut
42%
j'les
42%
juste
42%
j'vois
42%
mètre
42%
Oui,
42%
"Oui
42%
oui
42%
parle
42%
phares
42%
poitrine
42%
poussière",
42%
p’tits
42%
sur
42%
tiré
42%
voiture,
42%
ans,
39%
beaucoup,
39%
capter
39%
d’un
39%
éteint",
39%
fumée
39%
gens
39%
grain
39%
j'dois
39%
l'amour
39%
lequel
39%
l'rébus
39%
mon
39%
nuit
39%
prendre
39%
quinze
39%
trop
39%
une
39%
avant
37%
cœur
37%
croise
37%
disent :
37%
d'sable,
37%
encore
37%
fait
37%
fait,
37%
ils
37%
l'Soleil
37%
maintenant,
37%
m'dit :
37%
tombé
37%
truc
37%
arrêts
34%
avait
34%
battement
34%
d’cils,
34%
Donc
34%
donc
34%
fini
34%
ouais,
34%
pauvre
34%
pic
34%
pleurent
34%
s'élevant
34%
titubant,
34%
train
34%
bout ?
32%
c'que
32%
derrière,
32%
d'l'armoire
32%
d'réseau
32%
grand-père,
32%
ici
32%
juin
32%
l'ennui
32%
neuf
32%
ont
32%
qu'à
32%
qu’c't'enfoiré
32%
s'ennuie
32%
attend
29%
chez
29%
d'téléphone,
29%
ferme
29%
J'avais
29%
j'suis
29%
l’air
29%
mercredi
29%
moto-cross
29%
pourtant,
29%
réalité
29%
réalité,
29%
s'aimer
29%
vient
29%
déçu
26%
drapeau,
26%
haie
26%
heures,
26%
heures
26%
j'rêvais
26%
l'bruit
26%
l'pire,
26%
mes
26%
qu'ça
26%
rues,
26%
bats
24%
champs,
24%
d'car
24%
d'faire
24%
fond
24%
hommes
24%
j'crois
24%
J'étudie
24%
joues
24%
l'odeur
24%
m'étonne
24%
pavés
24%
quand
24%
squatte
24%
yeux
24%
aux
21%
braises
21%
c'qui
21%
dix
21%
entre
21%
l'blé,
21%
l'rouge
21%
m'met
21%
papa
21%
Regarde
21%
regarde
21%
s'emmerde
21%
serait
21%
baise
18%
bouffer
18%
déjà
18%
d'framboises
18%
l'fin
18%
pousser
18%
Sept
18%
silence
18%
vit,
18%
danser
16%
finira
16%
texte
16%
voir
16%
Dimanche,
13%
j'pense
13%
l'premier
13%
m'disait :
13%
vingt-cinq,
13%
c'qu'il
11%
Trouve-moi
11%
chercher
8%
Aucun quiz correspondant
Distribution des résultats
% des personnes avec chaque résultat
Percentile par nombre de réponses
Votre historique - résultats
Vous n’avez pas pris ce quiz